00370nam a2200145Ia 4500003000400000005001700004008004100021040000900062082002000071100002700091245004400118260004200162300000800204650001200212OSt20210104113430.0190216s9999||||xx |||||||||||||| ||und|| coclc a894.8121bKUN/O aKunissery, Vijayakumar 0aOttakkannokku /cVijayakumar Kunissery  bZorba Publications,aPalakkad:c2004. a86p aKavitha